Electric machinery and transformers (Record no. 7284)

000 -LEADER
fixed length control field 00792nam a22002414a 4500
001 - CONTROL NUMBER
control field 7284
003 - CONTROL NUMBER IDENTIFIER
control field BD-DhUET
008 - FIXED-LENGTH DATA ELEMENTS--GENERAL INFORMATION
fixed length control field 000103s2001 nyua b 001 0 eng
020 ## - INTERNATIONAL STANDARD BOOK NUMBER
International Standard Book Number 0195138902
040 ## - CATALOGING SOURCE
Original cataloging agency DLC
Transcribing agency DLC
Modifying agency BD-DhUET
082 00 - DEWEY DECIMAL CLASSIFICATION NUMBER
Classification number 623.13
Edition number 21
Item number GUR/1988
100 1# - MAIN ENTRY--PERSONAL NAME
Personal name Guru, Bhag S.
245 10 - TITLE STATEMENT
Title Electric machinery and transformers
Statement of responsibility, etc. by Bhag S. Guru and Hüseyin R. Hiziroǧlu
Remainder of title
250 ## - EDITION STATEMENT
Edition statement 3rd. ed.
260 ## - PUBLICATION, DISTRIBUTION, ETC. (IMPRINT)
Place of publication, distribution, etc. New York
Name of publisher, distributor, etc. Oxford University Press
Date of publication, distribution, etc. 2001.
300 ## - PHYSICAL DESCRIPTION
Extent xvii, 700 p.
Other physical details ill.
Dimensions 24 cm.
504 ## - BIBLIOGRAPHY, ETC. NOTE
Bibliography, etc Includes bibliographies
650 #0 - SUBJECT ADDED ENTRY--TOPICAL TERM
Topical term or geographic name as entry element Electric machinery
700 1# - ADDED ENTRY--PERSONAL NAME
Personal name Hiziroǧlu, Hüseyin R.
942 ## - ADDED ENTRY ELEMENTS (KOHA)
Koha item type General Book
856 42 - ELECTRONIC LOCATION AND ACCESS
Uniform Resource Identifier http://www.loc.gov/catdir/enhancements/fy0609/00020034-d.html
856 41 - ELECTRONIC LOCATION AND ACCESS
Uniform Resource Identifier http://www.loc.gov/catdir/enhancements/fy0609/00020034-t.html
Holdings
Sublocation or collection (holding branch) Copy number Not for loan Damaged status Shelving location Koha normalized classification for sorting Withdrawn status Location (home branch) Date acquired Koha date last borrowed Piece designation (barcode) Price effective from Source of classification or shelving scheme Koha full call number Koha item type Koha date last seen Koha issues (times borrowed) Lost status
Central Library, BUET1  Circulation section623_130000000000000_GUR1988 Central Library, BUET2014-12-082025-09-161016792014-12-08 623.13 /GUR/1988General Book2025-11-154